| 000 | 00831nam a2200265 a 4500 | ||
|---|---|---|---|
| 001 | 60093 | ||
| 003 | BD-RjUL | ||
| 005 | 20211209080813.0 | ||
| 008 | 161228s1991 gw 001 0 eng | ||
| 020 | _a3540538151 (acidfree paper) | ||
| 020 | _a0387538151 (acidfree paper : U.S.) | ||
| 035 | _a(BD-RjUL)60217 | ||
| 040 |
_aDLC _cDLC _dDLC _dBD-RjUL _beng |
||
| 041 | _aeng | ||
| 082 | 0 | 0 |
_a363.7 _223 _bBUP 1991 |
| 100 | 1 |
_aBuckley, Ralf. _9178848 |
|
| 245 | 1 | 0 |
_aPerspectives in environmental management / _cRalf Buckley. |
| 260 |
_aBerlin ; _aNew York : _bSpringer-Verlag, _cc1991. |
||
| 300 |
_axi, 276 p. ; _c21 cm. |
||
| 500 | _aIncludes index. | ||
| 650 | 0 |
_aEnvironmental protection. _9170273 |
|
| 650 | 0 |
_aEnvironmental management. _9178849 |
|
| 650 | 0 |
_aLiability for environmental damages. _9178850 |
|
| 942 |
_2ddc _cBK |
||
| 999 |
_c60093 _d60093 |
||